Interstate Highways in Pennsylvania - Map Quiz - Statistics

General Stats
  • This quiz has been taken 68 times
  • The average score is 12 of 19
Answers on the Map
Answers color-coded by a green-red scale on the quiz's map according to % correct below.
 
Answer Stats
Answer % Correct
I-80
80%
I-380
73%
I-95
73%
I-476
71%
I-81
71%
I-295
67%
I-76
65%
I-90
65%
I-279
63%
I-376
63%
I-180
61%
I-79
61%
I-83
61%
I-84
61%
I-99
61%
I-70
59%
I-78
59%
I-276
57%
I-176
55%
No matching quizzes found
Score Distribution
Percent of People with Each Score
Percentile by Number Answered
Your Score History
You have not taken this quiz